| 000 | 00433nam a2200193Ia 4500 | ||
|---|---|---|---|
| 008 | 210210b1944 xxu||||| |||| 00| 0 eng d | ||
| 041 | _aeng | ||
| 082 | _a920/79 | ||
| 100 | _aMASANI (Murray) and others | ||
| 245 | _aSocialists and the polish cause | ||
| 260 |
_aAundh _b- _c1944 |
||
| 650 | _athe | ||
| 650 | _aSocialists | ||
| 650 | _apolish | ||
| 650 | _acause | ||
| 650 | _aand | ||
| 690 | _aHistory | ||
| 906 | _a024821 | ||
| 999 |
_c150441 _d150441 |
||